Heat exchangers / (Record no. 67593)

000 -LEADER
fixed length control field 00823pam a2200253 a 4500
001 - CONTROL NUMBER
control field 3906409
003 - CONTROL NUMBER IDENTIFIER
control field NUST - PNEC
005 - DATE AND TIME OF LATEST TRANSACTION
control field 20170116181027.0
008 - FIXED-LENGTH DATA ELEMENTS--GENERAL INFORMATION
fixed length control field 910801s1992 dcua b 001 0 eng
010 ## - LIBRARY OF CONGRESS CONTROL NUMBER
LC control number 91029040
020 ## - INTERNATIONAL STANDARD BOOK NUMBER
International Standard Book Number 1560321199
040 ## - CATALOGING SOURCE
Transcribing agency LIBRARY
082 00 - DEWEY DECIMAL CLASSIFICATION NUMBER
Classification number 621.4022 MAR
100 1# - MAIN ENTRY--PERSONAL NAME
Personal name Martin, Holger,
Dates associated with a name 1942-
240 10 - UNIFORM TITLE
Uniform title Wärmeübertrager.
Language of a work English
245 10 - TITLE STATEMENT
Title Heat exchangers /
Statement of responsibility, etc. Holger Martin.
260 ## - PUBLICATION, DISTRIBUTION, ETC.
Place of publication, distribution, etc. Washington :
Name of publisher, distributor, etc. Hemisphere Pub. Corp.,
Date of publication, distribution, etc. c1992.
300 ## - PHYSICAL DESCRIPTION
Extent xii, 207 p. :
Other physical details ill. ;
Dimensions 25 cm.
504 ## - BIBLIOGRAPHY, ETC. NOTE
Bibliography, etc. note Includes bibliographical references (p. 201-203) and index.
650 #0 - SUBJECT ADDED ENTRY--TOPICAL TERM
Topical term or geographic name entry element Heat exchangers.
906 ## - LOCAL DATA ELEMENT F, LDF (RLIN)
a 7
b cbc
c orignew
d 1
e ocip
f 19
g y-gencatlg
942 ## - ADDED ENTRY ELEMENTS (KOHA)
Source of classification or shelving scheme
Koha item type Book
Holdings
Withdrawn status Lost status Source of classification or shelving scheme Damaged status Not for loan Permanent Location Current Location Shelving location Date acquired Total Checkouts Full call number Barcode Date last seen Price effective from Koha item type
          Pakistan Navy Engineering College (PNEC) Pakistan Navy Engineering College (PNEC)       621.4022 MAR PNECLIB-017288 09/17/2015   Book
© 2023 Central Library, National University of Sciences and Technology. All Rights Reserved.